00586nam a2200145 a 450000100100000000500170001000800410002704000250006808200160009311000550010924501170016426001060028130000200038770000330040700002893020240229073823.0110411s2007 dr 000 0 spa d aDO-SdBNPbspacBNPHU axxxxbR426r1 aRepública Dominicana.bSuprema Corte de Justicia10aResoluciones de interés general de la Suprema Corte de Justicia 2006 /cpresentación de Jorge A. Subero Isa. aSanto Domingo :bCentro de Documentación e Información Judicial Domicano,c2007fEditora Corripio a88 p. ;c22 cm.1 aSubero Isa, Jorge A.,d1947-